The Elder Scrolls - Main Video Games - Statistics

General Stats
  • This quiz has been taken 63 times
    62 since last reset
  • The average score is 5 of 5
Answer Stats
Title % Correct
V Skyrim
100%
IV Oblivion
96%
III Morrowind
93%
II Daggerfall
88%
I Arena
80%
No matching quizzes found
Score Distribution
Percent of People with Each Score
Percentile by Number Answered
Your Score History
You have not taken this quiz since the last reset